Statistics for Irregular Verbs - V2 to V3

Click here to take the quiz!

General Stats

  • This quiz has been taken 129 times
    (127 since last reset)
  • The average score is 56 of 77

Answer Stats

תרגוםV1V2V3% Correct
להיותbewasbeen
95%
להיותbewerebeen
95%
להפוך לbecomebecamebecome
92%
להעלות (במחיר)costcostcost
88%
לחתוךcutcutcut
88%
לקנותbuyboughtbought
86%
לבנותbuildbuiltbuilt
86%
לבחורchoosechosechosen
86%
להתחילbeginbeganbegun
85%
לדמםbleedbledbled
85%
לשבורbreakbrokebroken
85%
להביאbringbroughtbrought
85%
לבואcomecamecome
85%
לאכולeatateeaten
85%
לתפוסcatchcaughtcaught
84%
להרגישfeelfeltfelt
84%
לעשותdodiddone
82%
לשתותdrinkdrankdrunk
81%
להלחםfightfoughtfought
81%
לנהוגdrivedrovedriven
79%
להאכילfeedfedfed
79%
למצואfindfoundfound
78%
להכותhithithit
78%
לפגועhurthurthurt
78%
לתתletletlet
78%
להפסידloselostlost
78%
לפגושmeetmetmet
78%
לשיםputputput
78%
לנשוףblowblewblown
77%
להתכווןmeanmeantmeant
77%
לשלםpaypaidpaid
77%
ליפולfallfellfallen
75%
לתתgivegavegiven
75%
להשיגgetgotgot
75%
לעשותmakemademade
75%
לקרואreadreadread
75%
לציירdrawdrewdrawn
74%
ישhavehadhad
74%
לשמורkeepkeptkept
74%
לעזובleaveleftleft
74%
לרוץrunranrun
74%
לומרsaysaidsaid
74%
לסלוחforgiveforgaveforgiven
73%
לשמועhearheardheard
73%
לשבתsitsatsat
73%
לדברspeakspokespoken
73%
לישוןsleepsleptslept
71%
לשלוחsendsentsent
70%
לסגורshutshutshut
70%
לבזבזspendspentspent
70%
להסתירhidehidhidden
68%
לדעתknowknewknown
68%
למכורsellsoldsold
68%
לעוףflyflewflown
67%
לראותseesawseen
67%
ללכתgowentgone
66%
לצלצלringrangrung
66%
לעמודstandstoodstood
66%
לרכובrideroderidden
64%
לגנובstealstolestolen
64%
לשכוחforgetforgotforgotten
63%
לגדולgrowgrewgrown
63%
לשירsingsangsung
63%
ללמדteachtaughttaught
63%
לזרוחriseroserisen
62%
לחשובthinkthoughtthought
62%
לומרtelltoldtold
60%
לקחתtaketooktaken
59%
להציגshowshowedshown
58%
להביןunderstandunderstoodunderstood
58%
להתעוררwakewokewoken
58%
לנצחwinwonwon
58%
לזרוקthrowthrewthrown
56%
לשחותswimswamswum
53%
לכתובwritewrotewritten
53%
ללבושwearworeworn
47%
לקרועteartoretorn
42%

Score Distribution

Percentile by Number Answered

Percent of People with Each Score

Your Score History

You have not taken this quiz since the last reset